000 00287nam a22001337a 4500
008 210301b ||||| |||| 00| 0 eng d
020 _a9780538747141
041 _aeng
080 _a004
100 _a35
101 _aSHKI
245 _aMicrosoft Word 2010
_cDuffy,J
942 _2udc
_cBK
999 _c55420
_d55420